Methodology and techniques of social research / (Record no. 1457)

MARC details
000 -LEADER
fixed length control field 00582nam a22001937a 4500
003 - CONTROL NUMBER IDENTIFIER
control field BD-DhJNU
005 - DATE AND TIME OF LATEST TRANSACTION
control field 20250309042801.0
008 - FIXED-LENGTH DATA ELEMENTS--GENERAL INFORMATION
fixed length control field 250306b |||||||| |||| 00| 0 eng d
020 ## - INTERNATIONAL STANDARD BOOK NUMBER
International Standard Book Number 8183182801
020 ## - INTERNATIONAL STANDARD BOOK NUMBER
International Standard Book Number 8178668807
040 ## - CATALOGING SOURCE
Original cataloging agency BD-DhJNU
Language of cataloging ENG
Transcribing agency BD-DhJNU
Modifying agency BD-DhJNU
082 ## - DEWEY DECIMAL CLASSIFICATION NUMBER
Edition number 23
Classification number 300.072
100 ## - MAIN ENTRY--PERSONAL NAME
Personal name Bhandarkar, P.L.
245 ## - TITLE STATEMENT
Title Methodology and techniques of social research /
Statement of responsibility, etc. P.L. Bhandarkar and T.S. Wilkinson
260 ## - PUBLICATION, DISTRIBUTION, ETC.
Place of publication, distribution, etc. Mumbai :
Name of publisher, distributor, etc. Himalaya Publishing House,
Date of publication, distribution, etc. 1994.
300 ## - PHYSICAL DESCRIPTION
Extent 444 p. :
Other physical details ill. ;
Dimensions 20 cm.
700 ## - ADDED ENTRY--PERSONAL NAME
Personal name Wilkinson, T.S.
942 ## - ADDED ENTRY ELEMENTS (KOHA)
Source of classification or shelving scheme Dewey Decimal Classification
Koha item type Books
Suppress in OPAC No
Holdings
Withdrawn status Lost status Source of classification or shelving scheme Damaged status Not for loan Collection Home library Current library Shelving location Date acquired Source of acquisition Total checkouts Full call number Barcode Date last seen Copy number Price effective from Koha item type
    Dewey Decimal Classification     Non-fiction Jagannath University Central Library Jagannath University Central Library General stacks 03/06/2025 Purchased   300.072 BHM JNUCL18838 03/06/2025 1 03/06/2025 Books
    Dewey Decimal Classification     Non-fiction Jagannath University Central Library Jagannath University Central Library General stacks 03/09/2025 Purchased   300.072 BHM JNUCL2781 03/09/2025 2 03/09/2025 Books
    Dewey Decimal Classification     Non-fiction Jagannath University Central Library Jagannath University Central Library General stacks 03/09/2025 Purchased   300.072 BHM JNUCL2783 03/09/2025 3 03/09/2025 Books